000 01296nam a22001937a 4500
999 _c47824
_d47824
005 20251125233003.0
008 s2549 th o tha d
040 _aNALT
086 _aสว 10 6.5 338.925 2549
110 2 _aสำนักงานเลขาธิการวุฒิสภา.
_bสำนักกรรมาธิการ 2
_92442
245 1 0 _aความเห็นและข้อเสนอแนะของคณะกรรมาธิการการแปรรูปรัฐวิสาหกิจ วุฒิสภา กรณี "การแปรรูป กฟผ." /
_cสำนักกรรมาธิการ 2 สำนักงานเลขาธิการวุฒิสภา.
260 _aกรุงเทพฯ :
_bสำนักกรรมาธิการ 2 สำนักงานเลขาธิการวุฒิสภา,
_c2549.
300 _a57 หน้า :
_bภาพประกอบ, ตาราง, แผนภูมิ ;
_c29 ซม.
650 4 _aการแปรรูปรัฐวิสาหกิจ
_95463
850 _aNALT
856 4 0 _uhttps://hdl.handle.net/20.500.14156/456321
942 _cPAR
_2local
998 _j25
_k นีลวัสน์ อินทรักษา